Online
Catalog

Cuentos y narraciones / (Record no. 8724)

MARC details
000 -CABECERA
campo de control de longitud fija 00663cam a2200193 a 4500
001 - NÚMERO DE CONTROL
campo de control 000008960
005 - FECHA Y HORA DE LA ÚLTIMA TRANSACCIÓN
campo de control 20200929161442.0
008 - DATOS DE LONGITUD FIJA--INFORMACIÓN GENERAL
campo de control de longitud fija 970707s1996 es f001 0 spa
040 ## - FUENTE DE LA CATALOGACIÓN
Centro catalogador/agencia de origen DO-SdBNP
Centro/agencia transcriptor DLC
050 00 - SIGNATURA TOPOGRÁFICA DE LA BIBLIOTECA DEL CONGRESO
Número de clasificación PQ7539.G3
Número de documento/Ítem A6 1996
082 ## - NÚMERO DE LA CLASIFICACIÓN DECIMAL DEWEY
Número de clasificación nn*
Número de documento/Ítem G283c
100 1# - ENTRADA PRINCIPAL--NOMBRE DE PERSONA
Nombre de persona Gavidia, Francisco,
Fechas asociadas al nombre 1864-1955.
9 (RLIN) 23553
245 10 - MENCIÓN DE TÍTULO
Título Cuentos y narraciones /
Mención de responsabilidad, etc. Francisco Gavidia.
260 ## - PUBLICACIÓN, DISTRIBUCIÓN, ETC.
Lugar de publicación, distribución, etc. San Salvador :
Nombre del editor, distribuidor, etc. Consejo Nacional para la Cultura y el Arte,
Fecha de publicación, distribución, etc. 1996.
300 ## - DESCRIPCIÓN FÍSICA
Extensión 127 p. ;
Dimensiones 22 cm.
490 1# - MENCIÓN DE SERIE
Mención de serie Biblioteca Básica de Literatura Salvadoreña
Designación de volumen o secuencia 1
830 #0 - PUNTO DE ACCESO ADICIONAL DE SERIE-TÍTULO UNIFORME
Título uniforme Biblioteca Básica de Literatura Salvadoreña ;
Designación de volumen o secuencia 1
9 (RLIN) 8991
910 ## - DATOS DE OPCIÓN DEL USUARIO (OCLC)
Datos de opción del usuario Catalogación por copia / LC
Holdings
Estado de retiro Estado de pérdida Restricciones de uso No para préstamo Código de colección Localización permanente Ubicación/localización actual Ubicación en estantería Fecha de adquisición Número de inventario Total de préstamos Signatura topográfica completa Código de barras Fecha visto por última vez Precio válido a partir de Tipo de ítem Koha
    Préstamo interno   Monografías: Libros y Folletos General General En catalogación 21.09.2009 LF1   nn* G283c 8960-10 25.06.2020 25.06.2020 Préstamo interno

Powered by Koha